Estatísticas para Empresas de ônibus de transporte regular intermunicipal no estado do Rio de Janeiro

Clique aqui para jogar o quiz

Estatísticas Gerais

  • Esse quiz foi jogado 25 vezes
  • A pontuação média é 37 de 87

Estatísticas das Respostas

Código DETROSedeEmpresa% Correto
RJ 174Barra MansaViação Cidade do Aço
91%
RJ 108NiteróiAuto Viação 1001
91%
RJ 133SeropédicaExpresso Real Rio
82%
RJ 110Duque de CaxiasAuto Viação Reginas
82%
RJ 215Engenho da Rainha, CapitalEmpresa de Transportes Braso Lisboa
82%
RJ 165Duque de CaxiasTREL - Transturismo Rei
73%
RJ 188MesquitaViação Nossa Senhora da Penha
64%
RJ 166NiteróiTransturismo Rio Minho
64%
RJ 204Duque de CaxiasViação União
64%
RJ 120Duque de CaxiasAuto Viação Jurema
64%
RJ 117São GonçaloCoesa Transportes
64%
RJ 128São João de MeritiEmpresa de Transportes Flores
64%
RJ 129Duque de CaxiasEmpresa de Transportes Limousine Carioca
64%
RJ 159São João de MeritiMaster Transportes Coletivos de Passageiros
64%
RJ 156Nova IguaçuTransportadora Tinguá
64%
RJ 217Angra dos ReisCosta Verde Transportes
64%
RJ 226Juiz de Fora - MG / Bonsucesso, CapitalUTIL - União Transporte Interestadual de Luxo
64%
RJ 181São GonçaloViação Galo Branco
55%
RJ 150MacaéRápido Macaense
55%
RJ 163PetrópolisTransportes Única Petrópolis
55%
RJ 230Ilha de Guaratiba, CapitalExpresso Recreio Transporte de Passageiros
55%
RJ 152São GonçaloRio Ita
55%
RJ 190MesquitaViação Ponte Coberta
55%
RJ 203TeresópolisViação Teresópolis e Turismo
55%
RJ 123NilópolisNilopolitana Transportes (Cavalcanti & Cia.)
55%
RJ 205Duque de CaxiasViação Vera Cruz
55%
RJ 112Belford RoxoAuto Viação Vera Cruz
55%
RJ 104Duque de CaxiasAuto Ônibus Vera Cruz
55%
RJ 154São João de MeritiTransportes Fabio's
55%
RJ 186MaricáViação Nossa Senhora do Amparo
45%
RJ 185São GonçaloViação Mauá
45%
RJ 167São João de MeritiTransporte Mageli
45%
RJ 208Padre Miguel, CapitalTransportes Padre Miguel
45%
RJ 162MagéTransportes e Turismo Machado
45%
RJ 161Duque de CaxiasTransportes Santo Antônio
45%
RJ 211NiteróiViação Pendotiba
45%
RJ 101São GonçaloAuto Ônibus Fagundes
45%
RJ 146Nova IguaçuLinave Transportes
45%
RJ 132Nova IguaçuEvanil Transportes e Turismo
45%
RJ 125Belford RoxoEmpresa de Transportes Continental
45%
RJ 140PetrópolisFácil Transportes e Turismo
45%
RJ 135NiteróiExpresso Garcia
45%
RJ 164Três RiosTransa Transporte Coletivo
36%
RJ 114Cabo FrioViação São Pedro da Aldeia
36%
RJ 127São João de MeritiEmpresa Santa Terezinha
36%
RJ 200Nova IguaçuViação São José
36%
RJ 122Bom Jesus do ItabapoanaEmpresa Brasil S/A Transportes e Turismo
36%
RJ 206MesquitaViação Vila Rica
36%
RJ 192ResendeViação Resendense Intermunicipal
36%
RJ 191Três RiosViação Progresso e Turismo
36%
RJ 113Barra do PiraíViação Barra do Piraí Turismo
36%
RJ 111Cabo FrioAuto Viação Salineira
36%
RJ 136QueimadosTransportes Blanco
36%
RJ 105São GonçaloAuto Viação ABC
36%
RJ 142MagéExpresso Rio de Janeiro
36%
RJ 106Rio BonitoAuto Viação Tanguaense
27%
RJ 196AraruamaViação Montes Brancos
27%
RJ 227Nova IguaçuTranstur Vila Emil
27%
RJ 195Barra do PiraíViação Santa Luzia
27%
RJ 193Vitória - ES / Paraíba do SulViação Águia Branca
27%
RJ 228QueimadosUnirio Transportes
27%
RJ 210NiteróiAuto Lotação Ingá
27%
RJ 151QuissamãQuissatur
27%
RJ 147QueimadosFazeni Transportes e Turismo
27%
RJ 177São GonçaloViação Estrela
27%
RJ 144QueimadosGardel Turismo
27%
RJ 169Volta RedondaViação Agulhas Negras
27%
RJ 189PinheiralViação Pinheiral
27%
RJ 171São João de MeritiViação Beira Mar
27%
RJ 126VassourasEmpresa de Ônibus e Turismo Pedro Antônio
27%
RJ 187Barra do PiraíVINSAL - Viação Nossa Senhora Aparecida
27%
RJ 134Nova IguaçuNITURVIA - Nova Iguaçu Turismo e Viação
27%
RJ 130NilópolisExpresso São Francisco
27%
RJ 202Volta RedondaViação Sul Fluminense Transportes e Turismo
18%
RJ 138CantagaloExpresso Pinto & Palma
18%
RJ 143Barra do PiraíJ. C. Guimarães Transportes e Turismo
18%
RJ 102Barra MansaAuto Comercial Barra Mansa
18%
RJ 221Conceição de MacabuTransportadora Macabu
18%
RJ 219CarmoViação Carmense
18%
RJ 214CordeiroExpresso Farinha (J. F. Farinha Auto Ônibus)
18%
RJ 168Nova IguaçuTransportes e Turismo Alto Minho
18%
RJ 176Volta RedondaViação Elite
18%
RJ 213ResendeViação Penedo
18%
RJ 179Barra MansaViação Falcão
18%
RJ 175MesquitaViação Mirante
18%
RJ 116Barra MansaColitur Transportes Rodoviários
18%
RJ 170Nova IguaçuSanta Eugênia Transportes e Turismo
18%

Distribuição das Pontuações

Percentil de Números Respondidos

Porcentagem de Pessoas com Cada Pontuação

Sua Pontuação Histórica

Você não jogou esse quiz